Book By Supporting Characters Quiz Stats

Quiz Updated Aug 11, 2017

Challenge
Share
Tweet
Embed
Score 0/25 Timer 05:00
4 Plays Today
Characters Book % Correct
Big Brother, Emmanuel GoldsteinNineteen Eighty-Four
81.4%
Dr. Spivey, Nurse RatchedOne Flew Over the Cuckoo's Nest
71.2%
Jordan Baker, Myrtle Wilson, Tom BuchananThe Great Gatsby
53.3%
Starbuck, QueequegMoby-Dick
52%
FridayRobinson Crusoe
51.9%
Bingley, Lady Catherine, WickhamPride and Prejudice
50.3%
Clover, SquealerAnimal Farm
50.1%
Edward Rochester, Mr. BrocklehurstJane Eyre
49.7%
Major Major Major MajorCatch-22
43.8%
Anna Pavlovna, Prince BolkonskyWar and Peace
41.9%
Countess Ivanovna, Prince OblonskyAnna Karenina
41.7%
Roger Chillingworth, Rev. Arthur DimmsdaleThe Scarlet Letter
39.1%
Kurtz, General ManagerHeart of Darkness
37.2%
Characters Book % Correct
Tom Robinson, Bob EwellTo Kill A Mockingbird
34.6%
Porfiry Petrovich, Sonia MarmeladovCrime and Punishment
31%
Bishop Myriel, GavrocheLes Misérables
29%
Ma & Pa, Rose of Sharon, Connie RiversThe Grapes of Wrath
28.2%
Agnes Wickfield, Uriah Heep, Wilkins MicawberDavid Copperfield
28%
Kilgore Trout, Roland WearySlaughterhouse-Five
23.7%
Edgar Linton, LockwoodWuthering Heights
23.1%
Stephen Dedalus, Buck Mulligan, Patrick DignamUlysses
22.2%
Cunégonde, Pangloss Candide
19.2%
Lord de Winter, Milady de WinterThe Three Musketeers
18.4%
Ackley, StradlaterThe Catcher in the Rye
13.7%
Charlotte Haze, Clare QuiltyLolita
10.4%

You're not logged in!

Compare scores with friends on all Sporcle quizzes.
Sign Up with Email
OR
Log In

You Might Also Like...

Show Comments

Extras

Top Quizzes Today


Score Distribution

Your Account Isn't Verified!

In order to create a playlist on Sporcle, you need to verify the email address you used during registration. Go to your Sporcle Settings to finish the process.